Les 20 plus grandes villes de l'Eure-et-Loir sur une carte - Statistiques

Statistiques générales
  • Ce quiz a été pris 86 fois
  • Le résultat moyen est 12 sur 20
Réponses sur la Carte
Les réponses sont colorées sur une échelle allant du rouge au vert en fonction du pourcentage des utilisateurs qui les ont devinées à leur premier essai. Vous pouvez retrouver ces pourcentages ci-dessous.
 
Statistiques - réponses
Population Initiale Ville % Correct
37 990 C Chartres
100%
31 205 D Dreux
98%
12 898 C Châteaudun
87%
15 658 L Lucé
78%
9 305 N Nogent-le-Rotrou
78%
10 950 M Mainvilliers
65%
12 491 V Vernouillet
62%
5 509 É Épernon
59%
6 818 L Luisant
57%
4 532 M Maintenon
57%
4 063 (Le) C Le Coudray
51%
5 701 L Lèves
51%
6 354 A Auneau-Bleury-Saint-Symphorien
49%
4 890 B Bonneval
49%
5 601 C Cloyes-les-Trois-Rivières
44%
4 023 N Nogent-le-Roi
44%
3 674 C Champhol
38%
3 977 (Les) V Les Villages Vovéens
37%
4 065 S Saint-Rémy-sur-Avre
25%
4 129 S Saint-Lubin-des-Joncherets
21%
Aucun quiz correspondant
Distribution des résultats
% des personnes avec chaque résultat
Percentile par nombre de réponses
Votre historique - résultats
Vous n’avez pas pris ce quiz